|
|
|
|
| LEADER |
02624nam a22005175i 4500 |
| 001 |
978-3-662-43616-5 |
| 003 |
DE-He213 |
| 005 |
20151029231031.0 |
| 007 |
cr nn 008mamaa |
| 008 |
140626s2014 gw | s |||| 0|eng d |
| 020 |
|
|
|a 9783662436165
|9 978-3-662-43616-5
|
| 024 |
7 |
|
|a 10.1007/978-3-662-43616-5
|2 doi
|
| 040 |
|
|
|d GrThAP
|
| 050 |
|
4 |
|a Q342
|
| 072 |
|
7 |
|a UYQ
|2 bicssc
|
| 072 |
|
7 |
|a COM004000
|2 bisacsh
|
| 082 |
0 |
4 |
|a 006.3
|2 23
|
| 245 |
1 |
0 |
|a Bio-inspiring Cyber Security and Cloud Services: Trends and Innovations
|h [electronic resource] /
|c edited by Aboul Ella Hassanien, Tai-Hoon Kim, Janusz Kacprzyk, Ali Ismail Awad.
|
| 264 |
|
1 |
|a Berlin, Heidelberg :
|b Springer Berlin Heidelberg :
|b Imprint: Springer,
|c 2014.
|
| 300 |
|
|
|a XXII, 585 p. 235 illus., 17 illus. in color.
|b online resource.
|
| 336 |
|
|
|a text
|b txt
|2 rdacontent
|
| 337 |
|
|
|a computer
|b c
|2 rdamedia
|
| 338 |
|
|
|a online resource
|b cr
|2 rdacarrier
|
| 347 |
|
|
|a text file
|b PDF
|2 rda
|
| 490 |
1 |
|
|a Intelligent Systems Reference Library,
|x 1868-4394 ;
|v 70
|
| 505 |
0 |
|
|a Bio-Inspiring in Complex Network Security -- Mobile Ad Hoc networks and Key managements -- Biometrics technology and applications.
|
| 520 |
|
|
|a This volume presents recent research in cyber security, and reports how organizations can gain competitive advantages by applying the different security techniques in real-world scenarios. The volume provides reviews of cutting–edge technologies, algorithms, applications and insights for bio-inspiring cyber security-based systems. The book will be a valuable companion and comprehensive reference for both postgraduate and senior undergraduate students who are taking a course in cyber security. The volume is organized in self-contained chapters to provide greatest reading flexibility. .
|
| 650 |
|
0 |
|a Engineering.
|
| 650 |
|
0 |
|a Computer security.
|
| 650 |
|
0 |
|a Artificial intelligence.
|
| 650 |
|
0 |
|a Computational intelligence.
|
| 650 |
1 |
4 |
|a Engineering.
|
| 650 |
2 |
4 |
|a Computational Intelligence.
|
| 650 |
2 |
4 |
|a Artificial Intelligence (incl. Robotics).
|
| 650 |
2 |
4 |
|a Systems and Data Security.
|
| 700 |
1 |
|
|a Hassanien, Aboul Ella.
|e editor.
|
| 700 |
1 |
|
|a Kim, Tai-Hoon.
|e editor.
|
| 700 |
1 |
|
|a Kacprzyk, Janusz.
|e editor.
|
| 700 |
1 |
|
|a Awad, Ali Ismail.
|e editor.
|
| 710 |
2 |
|
|a SpringerLink (Online service)
|
| 773 |
0 |
|
|t Springer eBooks
|
| 776 |
0 |
8 |
|i Printed edition:
|z 9783662436158
|
| 830 |
|
0 |
|a Intelligent Systems Reference Library,
|x 1868-4394 ;
|v 70
|
| 856 |
4 |
0 |
|u http://dx.doi.org/10.1007/978-3-662-43616-5
|z Full Text via HEAL-Link
|
| 912 |
|
|
|a ZDB-2-ENG
|
| 950 |
|
|
|a Engineering (Springer-11647)
|